Most Visited Countries by the Dutch - Statistics

General Stats
  • This quiz has been taken 1,238 times
  • The average score is 21 of 25
Answer Stats
Visitors per year Country % Correct
2.675.000 France
99%
3.185.000 Germany
99%
1.760.000 Spain
99%
1.765.000 Belgium
98%
390.000 United States
98%
830.000 Great-Britain
97%
1.105.000 Italy
97%
155.000 Norway
94%
415.000 Portugal
94%
125.000 Sweden
94%
1.180.000 Austria
93%
175.000 Denmark
92%
95.000 Poland
92%
585.000 Greece
91%
250.000 Switzerland
91%
840.000 Turkey
91%
70.000 Ireland
89%
165.000 Croatia
81%
255.000 Czech-Republic
79%
205.000 Luxembourg
77%
135.000 Hungary
68%
75.000 Morocco
68%
205.000 Egypt
63%
90.000 Indonesia
62%
75.000 Tunisia
33%
No matching quizzes found
Score Distribution
Percent of People with Each Score
Percentile by Number Answered
Your Score History
You have not taken this quiz